| 000 | 00485nam a22001577a 4500 | ||
|---|---|---|---|
| 003 | OSt | ||
| 005 | 20251202112114.0 | ||
| 008 | 251202b |||||||| |||| 00| 0 eng d | ||
| 020 | _a0471383074 | ||
| 040 | _cJOHN WILEY & SONS ,INC | ||
| 050 |
_aHF 5657.4 .R63 2000 _b.R63 2000 |
||
| 245 |
_aTHE CONTROLLER'S FUNCTION: _bTHE WORK OF THE MANAGERIAL ACCOUNTANT / _cROEHL-ANDERSON, JANICE M. |
||
| 250 | _a1ST EDITION | ||
| 260 |
_aTORONTO: _bJOHN WILEY &SONS .INC _c2000 |
||
| 942 |
_2lcc _cBK _n0 |
||
| 999 |
_c9863 _d9863 |
||